Loading...
| Fine Arts - Other | 0 | 2 | 0 | 0 | 20 | 102 | 108.00 | 0 | 1 | 0.52 | 10.89 |
| Science - Physics | 0 | 2 | 1 | 0 | 15 | 56 | 71.00 | 0 | 0 | 7.08 | 11.96 |
| Literature - British | 0 | 1 | 0 | 0 | 10 | 89 | 89.00 | 0 | 1 | 1.55 | 4.17 |
| Science - Chemistry | 0 | 1 | 0 | 1 | 10 | 93 | 93.00 | 0 | 0 | 0.00 | 1.25 |
| Popular Culture | 0 | 1 | 0 | 0 | 10 | 69 | 69.00 | 0 | 0 | 7.45 | 10.00 |
| Fine Arts - Painting and Sculpture | 0 | 1 | 0 | 0 | 10 | 124 | 124.00 | 0 | 0 | 0.00 | 2.50 |
| Religion | 0 | 0 | 1 | 0 | -5 | 0.00 | 0 | 0 | 0.00 | 0.00 | |
| Literature - European | 0 | 0 | 1 | 0 | -5 | 0.00 | 0 | 0 | 0.00 | 0.00 | |
| History - European | 0 | 0 | 1 | 0 | -5 | 0.00 | 0 | 0 | 0.00 | 0.00 | |
| Science - Other | 0 | 0 | 1 | 0 | -5 | 0.00 | 0 | 0 | 0.00 | 0.00 |